[Event "Chessemy Open 2022"]
[Site "Reinstorf"]
[Date "2022.01.30"]
[Round "2.33"]
[White "Hildebrand, Georg"]
[Black "Pellicoro, Nathalie"]
[Result "0-1"]
[WhiteElo "1482"]
[BlackElo "1835"]
[Annotator "NA RC"]
[PlyCount "118"]
[EventDate "2022.01.29"]
[EventType "swiss"]
[EventCountry "GER"]
[SourceTitle "playchess.com"]
[Source "ChessBase"]
[SourceQuality "1"]

1. d4 Nf6 2. Bf4 c5 3. e3 d5 4. c3 Nc6 5. Bd3 Qb6 6. Qb3 c4 7. Qxb6 axb6 8. Bc2 b5 9. f3 b4 10. a3 e6 11. Ne2 Be7 12. O-O h6 13. Nd2 bxa3 14. bxa3 Rxa3 15. Rxa3 Bxa3 16. e4 O-O 17. e5 Ne8 18. Ra1 Be7 19. Ba4 Nc7 20. Bxc6 bxc6 21. Bg3 Nb5 22. Bf2 Bd7 23. f4 Rb8 24. Nb1 f6 25. g3 Be8 26. exf6 gxf6 27. Be3 Kg7 28. g4 Bg6 29. h4 Bd3 30. Nc1 Be4 31. Bd2 Nxd4 32. cxd4 Rxb1 33. Ra6 Rb2 34. Be3 Rg2+ 35. Kf1 Rxg4 36. Rxc6 Kf7 37. f5 Bxf5 38. Bxh6 Rxd4 39. Ne2 Rxh4 40. Be3 Bd3 41. Ke1 Re4 42. Kd2 Bxe2 43. Kxe2 d4 44. Rxc4 Rxe3+ 45. Kd2 e5 46. Rc7 f5 47. Rb7 f4 48. Rb1 f3 49. Rf1 e4 50. Kd1 Re2 51. Re1 Rxe1+ 52. Kxe1 e3 53. Kf1 e2+ 54. Kf2 Bh4+ 55. Kxf3 e1=Q 56. Kg2 Qf2+ 57. Kh1 Qe2 58. Kg1 Bg3 59. Kh1 Qh2# 0-1

[Event "Chessemy Open 2022"]
[Site "Reinstorf"]
[Date "2022.01.30"]
[Round "2.34"]
[White "Klugstedt, Vincent"]
[Black "Germer, Philipp"]
[Result "1/2-1/2"]
[WhiteElo "1874"]
[BlackElo "2132"]
[Annotator "TA"]
[PlyCount "56"]
[EventDate "2022.01.29"]
[EventType "swiss"]
[EventCountry "GER"]
[SourceTitle "playchess.com"]
[Source "ChessBase"]
[SourceQuality "1"]

1. d4 Nf6 2. c4 e6 3. Nc3 Bb4 4. Qc2 b6 5. Nf3 Bb7 6. Bg5 h6 7. Bh4 g5 8. Bg3 Ne4 9. e3 h5 10. Nd2 Nxd2 11. Kxd2 h4 12. Be5 Rh6 13. h3 d6 14. Bh2 Nd7 15. a3 Bxc3+ 16. Qxc3 f5 17. f3 Nf6 18. Bd3 Qe7 19. Rae1 O-O-O 20. e4 fxe4 21. fxe4 Rf8 22. Rhf1 Nh5 23. Rxf8+ Qxf8 24. Rf1 Rf6 25. Rxf6 Qxf6 26. d5 e5 27. Be2 Nf4 28. Bxf4 Qd8 1/2-1/2

[Event "Chessemy Open 2022"]
[Site "Reinstorf"]
[Date "2022.01.30"]
[Round "2.34"]
[White "Mohammadi, Sholeh"]
[Black "Linnemann, Caspar"]
[Result "0-1"]
[WhiteElo "1162"]
[BlackElo "1754"]
[Annotator "NA RC"]
[PlyCount "58"]
[EventDate "2022.01.29"]
[EventType "swiss"]
[EventCountry "GER"]
[SourceTitle "playchess.com"]
[Source "ChessBase"]
[SourceQuality "1"]

1. c4 Nf6 2. Nc3 c5 3. Nf3 Nc6 4. e3 e6 5. d4 cxd4 6. exd4 d5 7. Bd3 Be7 8. O-O O-O 9. Be3 a6 10. Rc1 Nb4 11. cxd5 Nbxd5 12. Nxd5 Nxd5 13. Qc2 h6 14. Rfe1 Nb4 15. Qb3 a5 16. a3 a4 17. Qd1 Nxd3 18. Qxd3 Bf6 19. Rcd1 Ra5 20. Qc4 Bd7 21. Bd2 Rd5 22. Bb4 Re8 23. Qc3 Bc6 24. Qe3 e5 25. Nxe5 Bxe5 26. Qc1 Rxd4 27. Rxd4 Bxd4 28. Rxe8+ Qxe8 29. Bc3 Qe4 0-1

[Event "Chessemy Open 2022"]
[Site "Reinstorf"]
[Date "2022.01.30"]
[Round "2.35"]
[White "Jessen, Bjarne"]
[Black "Lehaci, Miruna-Daria"]
[Result "0-1"]
[WhiteElo "1547"]
[BlackElo "2200"]
[Annotator "TA"]
[PlyCount "78"]
[EventDate "2022.01.29"]
[EventType "swiss"]
[EventCountry "GER"]
[SourceTitle "playchess.com"]
[Source "ChessBase"]
[SourceQuality "1"]

1. e4 c5 2. Nf3 d6 3. d4 cxd4 4. Nxd4 Nf6 5. Nc3 Nc6 6. Bg5 e6 7. Qd2 a6 8. O-O-O Bd7 9. f3 Be7 10. Be3 h5 11. Kb1 b5 12. Nxc6 Bxc6 13. h4 Qc7 14. Bd3 Qb7 15. Rh3 a5 16. Ne2 Bd7 17. Rhh1 b4 18. Nd4 a4 19. Qe2 Ra5 20. Bd2 O-O 21. g4 Rb8 22. gxh5 Nxh5 23. Rhg1 Bf6 24. Be3 b3 25. cxb3 axb3 26. a3 Ra4 27. Rg5 Nf4 28. Bxf4 Rxd4 29. Qg2 Kf8 30. h5 Bxg5 31. Qxg5 Bb5 32. h6 Bxd3+ 33. Ka1 gxh6 34. Qxh6+ Ke7 35. Qg5+ Kd7 36. Qf6 e5 37. Qxf7+ Kc6 38. Qxb7+ Kxb7 39. Be3 Bc2 0-1

[Event "Chessemy Open 2022"]
[Site "Reinstorf"]
[Date "2022.01.30"]
[Round "2.40"]
[White "Stotyn, Fabian"]
[Black "Zhou, Lepu Coco"]
[Result "1-0"]
[WhiteElo "2174"]
[BlackElo "1819"]
[Annotator "TA"]
[PlyCount "119"]
[EventDate "2022.01.29"]
[EventType "swiss"]
[EventCountry "GER"]
[SourceTitle "playchess.com"]
[Source "ChessBase"]
[SourceQuality "1"]

1. e4 c5 2. Nf3 e6 3. d4 cxd4 4. Nxd4 Nf6 5. Nc3 Nc6 6. Ndb5 Bb4 7. a3 Bxc3+ 8. Nxc3 d5 9. exd5 exd5 10. Bd3 O-O 11. O-O Bg4 12. f3 Bh5 13. Bg5 Qb6+ 14. Kh1 Ne4 15. Nxe4 dxe4 16. Bxe4 Qxb2 17. Qd6 f6 18. Rab1 Qe5 19. Bf4 Qxd6 20. Bxd6 Rfd8 21. Bc7 Rd7 22. Rxb7 Rc8 23. Bxc6 Rdxc7 24. Rxc7 Rxc7 25. Ba4 Bg6 26. Kg1 Rc3 27. Ra1 Kf8 28. Kf2 Be8 29. Bb3 a5 30. a4 Bg6 31. Ra2 Ke7 32. Ke2 Kd6 33. Kd2 Rc6 34. Rb2 Rb6 35. Kc3 Be8 36. Rb1 Rb4 37. Rd1+ Kc5 38. Rd5+ Kb6 39. Rd6+ Bc6 40. Bd5 Kc5 41. Rxc6+ Kxd5 42. Rc7 g5 43. Rxh7 Rxa4 44. Ra7 Rc4+ 45. Kb3 Rc5 46. Ra6 Ke5 47. c4 f5 48. Kc3 g4 49. fxg4 fxg4 50. Kd3 Kf4 51. Kd4 Rh5 52. h3 gxh3 53. gxh3 Rxh3 54. Rxa5 Rh1 55. Rd5 Rc1 56. Kc5 Ke4 57. Rd8 Rc2 58. Kb5 Ke5 59. c5 Ke6 60. Kb6 1-0

[Event "Chessemy Open 2022"]
[Site "Reinstorf"]
[Date "2022.01.30"]
[Round "2.41"]
[White "Gohla, Ulf"]
[Black "Rennkamp, Johannes"]
[Result "1-0"]
[WhiteElo "2139"]
[BlackElo "1608"]
[Annotator "TA"]
[PlyCount "57"]
[EventDate "2022.01.29"]
[EventType "swiss"]
[EventCountry "GER"]
[SourceTitle "playchess.com"]
[Source "ChessBase"]
[SourceQuality "1"]

1. d4 Nf6 2. c4 c5 3. d5 b5 4. cxb5 a6 5. bxa6 g6 6. Nc3 Bg7 7. g3 O-O 8. Bg2 d6 9. Nf3 Qa5 10. O-O Bxa6 11. Qc2 Nbd7 12. Rd1 Ng4 13. Rb1 Rfb8 14. Bg5 Kf8 15. Bd2 Bxc3 16. Bxc3 Qxa2 17. Qd2 f6 18. Qf4 Qc4 19. e4 Nge5 20. Ng5 Kg8 21. Ne6 Nf8 22. Nc7 Ra7 23. Bf1 g5 24. Qe3 Qb3 25. Nxa6 Nc4 26. Bxc4 Qxc4 27. Nxb8 Rb7 28. Nc6 Ng6 29. Na5 1-0

[Event "Chessemy Open 2022"]
[Site "Reinstorf"]
[Date "2022.01.30"]
[Round "2.42"]
[White "Ermitsch, Magnus"]
[Black "Uhlenbrock, Sven"]
[Result "1-0"]
[WhiteElo "2127"]
[BlackElo "1629"]
[Annotator "TA"]
[PlyCount "51"]
[EventDate "2022.01.29"]
[EventType "swiss"]
[EventCountry "GER"]
[SourceTitle "playchess.com"]
[Source "ChessBase"]
[SourceQuality "1"]

1. e4 d6 2. d4 Nf6 3. Nc3 e5 4. Nge2 Be7 5. h3 c6 6. g4 h6 7. Bg2 b5 8. a3 Nbd7 9. Ng3 Nb6 10. O-O Qc7 11. b3 g6 12. f4 Nfd7 13. fxe5 dxe5 14. d5 Bb7 15. dxc6 Bc5+ 16. Kh2 Bxc6 17. Nd5 Nxd5 18. exd5 Bb7 19. c4 Qb6 20. b4 Bd4 21. c5 Nxc5 22. bxc5 Qxc5 23. Ne4 Qc7 24. Ra2 Kf8 25. Rc2 Qe7 26. d6 1-0

[Event "Chessemy Open 2022"]
[Site "Reinstorf"]
[Date "2022.01.30"]
[Round "2.43"]
[White "Klaska, Philipp Leon"]
[Black "Rick, Uwe"]
[Result "1/2-1/2"]
[WhiteElo "1831"]
[BlackElo "2107"]
[Annotator "TA"]
[PlyCount "44"]
[EventDate "2022.01.29"]
[EventType "swiss"]
[EventCountry "GER"]
[SourceTitle "playchess.com"]
[Source "ChessBase"]
[SourceQuality "1"]

1. d4 Nf6 2. Nf3 c5 3. c4 cxd4 4. Nxd4 e5 5. Nc2 d5 6. cxd5 Qxd5 7. Qxd5 Nxd5 8. e4 Nb4 9. Nba3 N8c6 10. Bc4 Be6 11. Bxe6 fxe6 12. Be3 Bc5 13. Nxb4 Bxb4+ 14. Ke2 Rc8 15. Rhd1 O-O 16. Nc2 Be7 17. Rd7 Bf6 18. Na3 Rf7 19. Rxf7 Kxf7 20. Nb5 Be7 21. Rd1 a6 22. Na7 Nxa7 1/2-1/2

[Event "Chessemy Open 2022"]
[Site "Reinstorf"]
[Date "2022.01.30"]
[Round "2.45"]
[White "Semling, Julius"]
[Black "Kempe, Caius Emilian"]
[Result "0-1"]
[WhiteElo "1515"]
[BlackElo "2073"]
[Annotator "TA"]
[PlyCount "98"]
[EventDate "2022.01.29"]
[EventType "swiss"]
[EventCountry "GER"]
[SourceTitle "playchess.com"]
[Source "ChessBase"]
[SourceQuality "1"]

1. d4 d5 2. Nc3 Nf6 3. Bf4 c6 4. e3 g6 5. Bd3 Bg7 6. h3 O-O 7. Nf3 Nbd7 8. O-O Re8 9. e4 dxe4 10. Nxe4 Nxe4 11. Bxe4 Nf6 12. Bd3 Qb6 13. Qc1 Be6 14. Be5 Bd5 15. Ne1 Rad8 16. c4 Be4 17. Qc2 Bxd3 18. Nxd3 Nd7 19. Rfe1 Nxe5 20. dxe5 Rd4 21. Rad1 Red8 22. b3 Qc7 23. e6 fxe6 24. Nc5 Rxd1 25. Rxd1 Rxd1+ 26. Qxd1 e5 27. Ne6 Qd6 28. Qxd6 exd6 29. Nd8 c5 30. Nxb7 Bf8 31. a3 Kf7 32. b4 cxb4 33. axb4 Ke6 34. Kf1 Kd7 35. Na5 Bh6 36. Nb3 Kc6 37. Na5+ Kb6 38. Nb3 Bf8 39. Ke2 d5 40. cxd5 Bxb4 41. Kd3 Kb5 42. Ke4 Bd6 43. g3 a5 44. f4 a4 45. Na1 exf4 46. gxf4 Kc4 47. Nc2 Kc3 48. Nd4 Bc5 49. Nb5+ Kc4 0-1

[Event "Chessemy Open 2022"]
[Site "Reinstorf"]
[Date "2022.01.30"]
[Round "2.47"]
[White "Schwarz, Jochen"]
[Black "Krause, Marianne"]
[Result "1-0"]
[WhiteElo "1905"]
[BlackElo "1548"]
[Annotator "TA"]
[PlyCount "91"]
[EventDate "2022.01.29"]
[EventType "swiss"]
[EventCountry "GER"]
[SourceTitle "playchess.com"]
[Source "ChessBase"]
[SourceQuality "1"]

1. c4 e5 2. g3 Nf6 3. Bg2 d5 4. cxd5 Nxd5 5. Nc3 Nb6 6. Nf3 Nc6 7. O-O Be7 8. b3 O-O 9. Bb2 Be6 10. Rc1 Qc8 11. Ne4 f6 12. Nc5 Bf7 13. Ne1 Bd5 14. Ned3 Bxg2 15. Kxg2 Rd8 16. b4 Nd7 17. Ne6 Re8 18. b5 Nb6 19. Nec5 Nd8 20. f4 exf4 21. Nxf4 Bd6 22. Qb3+ Kh8 23. e3 Nd7 24. Nxd7 Qxd7 25. Nh5 Qf7 26. Nxf6 Qxb3 27. axb3 gxf6 28. Bxf6+ Kg8 29. Rc4 h5 30. Rh4 Ne6 31. Rxh5 Rf8 32. Rh6 Nc5 33. d4 Nxb3 34. Rf2 Rae8 35. Rh8+ Kf7 36. Rh7+ Kg8 37. Rg7+ Kh8 38. Rg6+ Kh7 39. Rg7+ Kh6 40. Rg4 Rxe3 41. Bg7+ Kh5 42. Rh4+ Kg5 43. Bxf8 Bxf8 44. Rxf8 Re7 45. h3 Rd7 46. Rg4+ 1-0

[Event "Chessemy Open 2022"]
[Site "Reinstorf"]
[Date "2022.01.30"]
[Round "2.48"]
[White "Zimmermann, Luc"]
[Black "Luthardt, Christopher"]
[Result "1-0"]
[WhiteElo "2120"]
[BlackElo "1616"]
[Annotator "TA"]
[PlyCount "79"]
[EventDate "2022.01.29"]
[EventType "swiss"]
[EventCountry "GER"]
[SourceTitle "playchess.com"]
[Source "ChessBase"]
[SourceQuality "1"]

1. e4 e5 2. Nf3 Nc6 3. Bc4 Nf6 4. d3 Bc5 5. c3 d6 6. O-O Bg4 7. Nbd2 O-O 8. h3 Bh5 9. Re1 a6 10. a4 Ba7 11. Nf1 Re8 12. Ng3 Bg6 13. Bg5 h6 14. Bh4 Nb8 15. Qb3 Nbd7 16. Qxb7 Nc5 17. Qb4 Rb8 18. Qa3 c6 19. Rad1 Qb6 20. b4 Ne6 21. Rd2 Nh5 22. Nxh5 Bxh5 23. g4 Bg6 24. a5 Qb7 25. Bg3 h5 26. Nh4 Bh7 27. Nf5 Bxf5 28. gxf5 Ng5 29. Kg2 d5 30. Ba2 d4 31. Rb1 dxc3 32. Qxc3 Bd4 33. Qc4 Qb5 34. h4 Qxc4 35. Bxc4 Nh7 36. Bxa6 Bc3 37. Rc2 Bxb4 38. Rxc6 Bxa5 39. Rxb8 Rxb8 40. Bxe5 1-0

[Event "Chessemy Open 2022"]
[Site "Reinstorf"]
[Date "2022.01.30"]
[Round "2.49"]
[White "Brandt, Wolfgang"]
[Black "Paashaus, Detlef"]
[Result "1/2-1/2"]
[WhiteElo "1607"]
[BlackElo "2096"]
[Annotator "TA"]
[PlyCount "66"]
[EventDate "2022.01.29"]
[EventType "swiss"]
[EventCountry "GER"]
[SourceTitle "playchess.com"]
[Source "ChessBase"]
[SourceQuality "1"]

1. d4 d5 2. c4 e6 3. Nf3 Nf6 4. g3 Nbd7 5. Bg2 c6 6. O-O dxc4 7. Qc2 Nb6 8. Nbd2 Be7 9. Nxc4 Nxc4 10. Qxc4 O-O 11. Bg5 h6 12. Bxf6 Bxf6 13. Rfd1 Qb6 14. Qc2 Rd8 15. e3 a5 16. b3 Bd7 17. Rac1 Be8 18. Ne5 Be7 19. Nd3 Ba3 20. Nb2 Qb5 21. Rb1 Rac8 22. Nc4 Be7 23. Bf1 Qh5 24. Qe2 Qxe2 25. Bxe2 b5 26. Ne5 f6 27. Nd3 Bf7 28. Nc5 Bxc5 29. dxc5 e5 30. Rxd8+ Rxd8 31. Rd1 Rxd1+ 32. Bxd1 Bd5 33. Kf1 Kf7 1/2-1/2

[Event "Chessemy Open 2022"]
[Site "Reinstorf"]
[Date "2022.01.30"]
[Round "2.50"]
[White "Chitsazian, Daniel"]
[Black "Albers, Andreas"]
[Result "1-0"]
[WhiteElo "1594"]
[BlackElo "1968"]
[Annotator "TA"]
[PlyCount "69"]
[EventDate "2022.01.29"]
[EventType "swiss"]
[EventCountry "GER"]
[SourceTitle "playchess.com"]
[Source "ChessBase"]
[SourceQuality "1"]

1. e4 e6 2. d4 d5 3. Nd2 c5 4. Ngf3 Nc6 5. exd5 Qxd5 6. Bc4 Qd8 7. dxc5 Bxc5 8. O-O Nf6 9. Qe2 O-O 10. Ne4 Nxe4 11. Qxe4 h6 12. Bf4 Qe7 13. Ne5 Nd4 14. b4 Bb6 15. Rad1 Rd8 16. c3 Nf5 17. Rxd8+ Bxd8 18. Bd3 f6 19. Nf3 g5 20. g4 gxf4 21. gxf5 e5 22. Bc4+ Kh7 23. Qd5 Qg7+ 24. Kh1 Bxf5 25. Rg1 Bg4 26. h3 h5 27. hxg4 hxg4 28. Qe4+ Kh8 29. Nh2 Bb6 30. Rxg4 Qh6 31. Qxb7 Rd8 32. Qf7 Rd1+ 33. Kg2 f3+ 34. Kxf3 Qh3+ 35. Ke2 1-0

[Event "Chessemy Open 2022"]
[Site "Reinstorf"]
[Date "2022.01.31"]
[Round "3.1"]
[White "Van den Doel, Erik"]
[Black "Niermann, Tristan"]
[Result "1-0"]
[WhiteElo "2591"]
[BlackElo "2263"]
[Annotator "TA"]
[PlyCount "65"]
[EventDate "2022.01.29"]
[EventType "swiss"]
[EventCountry "GER"]
[SourceTitle "playchess.com"]
[Source "ChessBase"]
[SourceQuality "1"]

1. e4 e5 2. Nf3 Nc6 3. Bb5 a6 4. Ba4 Nf6 5. d3 b5 6. Bb3 Bc5 7. c3 d6 8. O-O O-O 9. Bg5 h6 10. Bh4 Bb6 11. a4 Rb8 12. axb5 axb5 13. Na3 b4 14. Nc4 bxc3 15. bxc3 Be6 16. Nfd2 g5 17. Bg3 Bc5 18. Ne3 Ne7 19. Bxe6 fxe6 20. Ng4 Kg7 21. Nxf6 Rxf6 22. Nc4 Rf7 23. Qg4 Rb3 24. Rac1 Ng6 25. d4 exd4 26. cxd4 Bxd4 27. Qd1 Rxg3 28. Qxd4+ e5 29. Qd1 Rxg2+ 30. Kxg2 Qc8 31. Ne3 Nh4+ 32. Kh1 Nf3 33. Nf5+ 1-0

[Event "Chessemy Open 2022"]
[Site "Reinstorf"]
[Date "2022.01.31"]
[Round "3.2"]
[White "Kozak, Adam"]
[Black "Richter, Nils"]
[Result "1/2-1/2"]
[WhiteElo "2526"]
[BlackElo "2270"]
[Annotator "TA"]
[PlyCount "157"]
[EventDate "2022.01.29"]
[EventType "swiss"]
[EventCountry "GER"]
[SourceTitle "playchess.com"]
[Source "ChessBase"]
[SourceQuality "1"]

1. Nf3 d5 2. g3 Nf6 3. Bg2 e6 4. O-O Be7 5. c4 O-O 6. d4 Nbd7 7. Qc2 c6 8. Rd1 b6 9. b3 Ba6 10. Nbd2 c5 11. e4 dxc4 12. e5 Nd5 13. bxc4 Nb4 14. Qa4 Bb7 15. a3 Nd3 16. Nb3 Qc8 17. d5 N7xe5 18. Nxe5 Nxe5 19. Bf4 Bf6 20. Rab1 a6 21. Nd2 b5 22. cxb5 axb5 23. Qxb5 Bxd5 24. Ne4 Bxe4 25. Bxe4 Rxa3 26. Rbc1 Nf3+ 27. Kg2 Nd4 28. Qxc5 Qxc5 29. Rxc5 Ra4 30. Bd3 g6 31. Rc7 Rfa8 32. Rb1 R4a7 33. Rxa7 Rxa7 34. Rb8+ Kg7 35. Bd6 h5 36. Be4 Rd7 37. Bf8+ Kh7 38. Bc5 Nf5 39. Bxf5 gxf5 40. h3 Rc7 41. Be3 Rc4 42. Kf3 Bg7 43. Rb7 Kg6 44. Rd7 Be5 45. h4 Bf6 46. Kg2 Be5 47. Kf3 Rg4 48. Rd8 Kg7 49. Ra8 f4 50. Bxf4 Bxf4 51. gxf4 Rxh4 52. Ra5 Kg6 53. Rg5+ Kh6 54. Kg3 Rh1 55. Kg2 Rd1 56. Ra5 Rd5 57. Ra8 Kg7 58. Kg3 Rd3+ 59. f3 Rd1 60. Ra5 Kh6 61. Kg2 Rd8 62. Kg3 Rd5 63. Ra7 Kg6 64. Ra8 Kf6 65. Ra7 Rf5 66. Ra8 Rd5 67. Ra7 Rd1 68. Ra5 Kg6 69. Rg5+ Kh6 70. Ra5 Rg1+ 71. Kh2 Rg6 72. Kh3 Rf6 73. Kg3 Rf5 74. Rxf5 exf5 75. Kh4 Kg6 76. Kg3 Kf6 77. Kh4 Kg6 78. Kg3 Kf6 79. Kh4 1/2-1/2

[Event "Chessemy Open 2022"]
[Site "Reinstorf"]
[Date "2022.01.31"]
[Round "3.2"]
[White "Reuter, Maximilian"]
[Black "Chitsazian, Daniel"]
[Result "0-1"]
[WhiteElo "1933"]
[BlackElo "1594"]
[Annotator "NA"]
[PlyCount "100"]
[EventDate "2022.01.29"]
[EventType "swiss"]
[EventCountry "GER"]
[SourceTitle "playchess.com"]
[Source "ChessBase"]
[SourceQuality "1"]

1. e4 c5 2. Be2 Nc6 3. d3 e5 4. f4 d6 5. Nf3 g6 6. O-O h6 7. c3 Bg7 8. Na3 Nge7 9. fxe5 dxe5 10. Be3 b6 11. Qd2 f5 12. exf5 Nxf5 13. Bf2 O-O 14. Nc4 Ba6 15. Ne3 e4 16. Nxf5 exf3 17. Bxf3 gxf5 18. Bxc6 Rc8 19. Bf3 Qxd3 20. Qf4 Qc2 21. Bd5+ Kh8 22. Rac1 Qxb2 23. Rfe1 Rce8 24. Re6 Rxe6 25. Bxe6 Bd3 26. Be3 Qe2 27. Bd7 Rd8 28. Bc6 Bc4 29. Bf3 Qxa2 30. Qxf5 Bd3 31. Qh5 Qe6 32. Bf2 Qg6 33. Qh4 Qg5 34. Rd1 Bxc3 35. Qa4 a5 36. Qb3 Qf6 37. Kh1 c4 38. Qb5 Bd4 39. Bg3 Kg7 40. Bc7 Rf8 41. h3 Rf7 42. Bb8 Re7 43. Bd5 Qf2 44. Kh2 Qe2 45. Bf3 Be5+ 46. Kh1 Qb2 47. Bxe5+ Qxe5 48. Qxb6 c3 49. Rxd3 c2 50. Qg1 Qe1 0-1

[Event "Chessemy Open 2022"]
[Site "Reinstorf"]
[Date "2022.01.31"]
[Round "3.3"]
[White "Hoffmann, Hendrik"]
[Black "Zaragatski, Ilja"]
[Result "0-1"]
[WhiteElo "2245"]
[BlackElo "2509"]
[Annotator "TA"]
[PlyCount "74"]
[EventDate "2022.01.29"]
[EventType "swiss"]
[EventCountry "GER"]
[SourceTitle "playchess.com"]
[Source "ChessBase"]
[SourceQuality "1"]

1. e4 c5 2. Nf3 d6 3. d4 cxd4 4. Nxd4 Nf6 5. Nc3 a6 6. Bg5 Nbd7 7. f4 Qc7 8. Qf3 b5 9. O-O-O Bb7 10. Bxf6 Nxf6 11. Nd5 Nxd5 12. exd5 g6 13. Bd3 Bg7 14. Be4 O-O 15. f5 Qc4 16. Nb3 a5 17. Kb1 a4 18. Nc1 b4 19. h4 a3 20. b3 Qc3 21. Qxc3 Bxc3 22. h5 gxf5 23. Bxf5 Ra5 24. Be4 e6 25. Ne2 f5 26. Bf3 e5 27. g4 e4 28. Bg2 Rxd5 29. gxf5 Rxd1+ 30. Rxd1 d5 31. Bh3 Kf7 32. Rg1 Rg8 33. Rxg8 Kxg8 34. Nxc3 bxc3 35. Kc1 Kg7 36. Kd1 Kf6 37. b4 Ba6 0-1

[Event "Chessemy Open 2022"]
[Site "Reinstorf"]
[Date "2022.01.31"]
[Round "3.4"]
[White "Lubbe, Nikolas"]
[Black "Sreyas Payyappat"]
[Result "1-0"]
[WhiteElo "2433"]
[BlackElo "2250"]
[Annotator "TA"]
[PlyCount "83"]
[EventDate "2022.01.29"]
[EventType "swiss"]
[EventCountry "GER"]
[SourceTitle "playchess.com"]
[Source "ChessBase"]
[SourceQuality "1"]

1. d4 Nf6 2. Nf3 e6 3. c4 c5 4. d5 exd5 5. cxd5 d6 6. Nc3 g6 7. e3 Bg7 8. Be2 O-O 9. O-O Bf5 10. Nd2 Re8 11. Nc4 Ne4 12. Nxe4 Bxe4 13. f3 Bf5 14. e4 b5 15. Na3 b4 16. Nc4 Bc8 17. Bf4 Bf8 18. a3 Ba6 19. axb4 Bxc4 20. Bxc4 cxb4 21. Be3 Nd7 22. Bb5 Bh6 23. Bf2 Re7 24. Bc6 Rc8 25. Rxa7 Ne5 26. Ra6 Qf8 27. Qb3 f5 28. exf5 Qxf5 29. Bb5 Rb7 30. Be2 Qc2 31. Qxc2 Rxc2 32. Ra8+ Kf7 33. Ba6 Re7 34. b3 Ra2 35. Bd4 Bg7 36. h4 Ra3 37. Rd1 Nxf3+ 38. gxf3 Bxd4+ 39. Rxd4 Re1+ 40. Kf2 Rea1 41. Ra7+ Kf6 42. Re4 1-0

[Event "Chessemy Open 2022"]
[Site "Reinstorf"]
[Date "2022.01.31"]
[Round "3.4"]
[White "Limbach, Torsten"]
[Black "Jessen, Bjarne"]
[Result "1-0"]
[WhiteElo "1963"]
[BlackElo "1547"]
[Annotator "ChessBase"]
[PlyCount "99"]
[EventDate "2022.01.29"]
[EventType "swiss"]
[EventCountry "GER"]
[SourceTitle "playchess.com"]
[Source "ChessBase"]
[SourceQuality "1"]

1. c4 e5 2. g3 Nc6 3. Bg2 f5 4. Nc3 Nf6 5. d3 Bb4 6. Bd2 O-O 7. e3 d6 8. Nge2 Qe8 9. a3 Bxc3 10. Nxc3 f4 11. Nd5 fxe3 12. Bxe3 Nxd5 13. Bxd5+ Be6 14. Bg2 Qg6 15. Be4 Bf5 16. f3 Bxe4 17. dxe4 Qf7 18. Qd5 Ne7 19. Qxf7+ Rxf7 20. O-O Raf8 21. Kg2 Nc6 22. c5 dxc5 23. Bxc5 Rd8 24. Rad1 Rfd7 25. Rxd7 Rxd7 26. Rf2 b6 27. Be3 Rd3 28. Re2 Nd4 29. Bxd4 Rxd4 30. Kf2 Kf7 31. Ke3 g5 32. f4 c5 33. fxg5 Kg6 34. h4 Rd1 35. Rd2 Rb1 36. Kf3 h5 37. gxh6 Kxh6 38. Kg4 Kg6 39. Rd6+ Kf7 40. Kf5 Rxb2 41. Rd7+ Ke8 42. Rxa7 Kd8 43. Kxe5 Rd2 44. Rf7 c4 45. Rf1 b5 46. h5 c3 47. Rc1 c2 48. h6 Rh2 49. h7 Ke7 50. Rxc2 1-0

[Event "Chessemy Open 2022"]
[Site "Reinstorf"]
[Date "2022.01.31"]
[Round "3.5"]
[White "Hommer, Jeremy"]
[Black "Koellner, Ruben Gideon"]
[Result "1/2-1/2"]
[WhiteElo "2220"]
[BlackElo "2428"]
[Annotator "TA"]
[PlyCount "120"]
[EventDate "2022.01.29"]
[EventType "swiss"]
[EventCountry "GER"]
[SourceTitle "playchess.com"]
[Source "ChessBase"]
[SourceQuality "1"]

1. e4 d6 2. d4 Nf6 3. Nc3 e5 4. Nge2 Nbd7 5. h3 c6 6. a4 b6 7. g4 h6 8. Bg2 Bb7 9. Be3 a6 10. Ng3 g6 11. O-O Bg7 12. Qd2 Qc7 13. Rfd1 Rd8 14. Re1 b5 15. axb5 axb5 16. d5 b4 17. Na2 c5 18. b3 h5 19. g5 Nh7 20. h4 f6 21. c3 bxc3 22. Nxc3 fxg5 23. hxg5 O-O 24. b4 Rf4 25. Rab1 Rdf8 26. Nce2 h4 27. Bxf4 exf4 28. Nxf4 hxg3 29. fxg3 cxb4 30. Qxb4 Qc5+ 31. Qxc5 Nxc5 32. Nxg6 Bd4+ 33. Kh1 Re8 34. Nh4 Nxg5 35. Nf5 Be5 36. Rb6 Nf7 37. Rc1 Bc8 38. Rb8 Kf8 39. g4 Ng5 40. Rf1 Bxf5 41. Rxf5+ Nf7 42. Rxe8+ Kxe8 43. g5 Bg7 44. Kh2 Nb3 45. Bf3 Ke7 46. Bh5 Ne5 47. Kg3 Nc5 48. Kf4 Kd8 49. Be2 Ke8 50. Ke3 Ke7 51. Rf1 Nf7 52. Kf4 Bc3 53. Kf5 Bd2 54. Rh1 Nxg5 55. e5 Nce4 56. exd6+ Kxd6 57. Rd1 Ng3+ 58. Kg4 N5e4 59. Rxd2 Nxd2 60. Kxg3 Kxd5 1/2-1/2

[Event "Chessemy Open 2022"]
[Site "Reinstorf"]
[Date "2022.01.31"]
[Round "3.5"]
[White "Mueller, Christian"]
[Black "Wagener, Martin"]
[Result "1-0"]
[WhiteElo "2219"]
[BlackElo "1455"]
[Annotator "TA"]
[PlyCount "47"]
[EventDate "2022.01.29"]
[EventType "swiss"]
[EventCountry "GER"]
[SourceTitle "playchess.com"]
[Source "ChessBase"]
[SourceQuality "1"]

1. e4 e5 2. Nf3 Nc6 3. Bc4 Bc5 4. c3 d6 5. d4 exd4 6. cxd4 Bb4+ 7. Nc3 Bg4 8. O-O Bxc3 9. bxc3 Nf6 10. Qb3 O-O 11. Ng5 Qe7 12. Nxf7 Rxf7 13. Bxf7+ Qxf7 14. Qxb7 Qe8 15. Qxc7 Bf3 16. gxf3 Qg6+ 17. Kh1 Qh5 18. Qxd6 Qxf3+ 19. Kg1 Nh5 20. Qd5+ Kh8 21. Qf5 Rf8 22. Qxf3 Rxf3 23. Be3 Nf6 24. Kg2 1-0

[Event "Chessemy Open 2022"]
[Site "Reinstorf"]
[Date "2022.01.31"]
[Round "3.6"]
[White "Laux, Dominik"]
[Black "Mis, Mieszko"]
[Result "0-1"]
[WhiteElo "2200"]
[BlackElo "2417"]
[Annotator "TA"]
[PlyCount "54"]
[EventDate "2022.01.29"]
[EventType "swiss"]
[EventCountry "GER"]
[SourceTitle "playchess.com"]
[Source "ChessBase"]
[SourceQuality "1"]

1. e4 c5 2. Nf3 e6 3. d4 cxd4 4. Nxd4 a6 5. Nc3 b5 6. a3 Bb7 7. g3 Nf6 8. Bg2 Qc7 9. O-O Nc6 10. Bf4 d6 11. Nxc6 Bxc6 12. Qe2 Be7 13. Rfd1 O-O 14. e5 dxe5 15. Qxe5 Qb7 16. Bxc6 Qxc6 17. Qc7 Qxc7 18. Bxc7 Rfc8 19. Bd6 Kf8 20. Rd4 Bxd6 21. Rxd6 Ke7 22. Rad1 Rc5 23. Rb6 Rc7 24. Rdd6 Rca7 25. Rd4 Nd7 26. Rc6 Ne5 27. Rc5 Nf3+ 0-1

[Event "Chessemy Open 2022"]
[Site "Reinstorf"]
[Date "2022.01.31"]
[Round "3.7"]
[White "Gschnitzer, Adrian"]
[Black "Kugler, Florian"]
[Result "1-0"]
[WhiteElo "2403"]
[BlackElo "2222"]
[Annotator "TA"]
[PlyCount "59"]
[EventDate "2022.01.29"]
[EventType "swiss"]
[EventCountry "GER"]
[SourceTitle "playchess.com"]
[Source "ChessBase"]
[SourceQuality "1"]

1. e4 e5 2. Nf3 Nc6 3. Bc4 Nf6 4. d3 Bc5 5. c3 a6 6. a4 Ba7 7. O-O d6 8. Re1 O-O 9. h3 h6 10. Nbd2 Re8 11. b4 Be6 12. Bxe6 Rxe6 13. Qc2 Qd7 14. Nf1 d5 15. Bb2 Rd8 16. b5 Ne7 17. exd5 Qxd5 18. Nxe5 Rxe5 19. c4 Rxe1 20. cxd5 Rxa1 21. Bxa1 Nfxd5 22. bxa6 bxa6 23. Qb2 f6 24. Qb7 Bb6 25. Qxa6 Rd6 26. Qa8+ Kf7 27. a5 Bc5 28. d4 Bb4 29. a6 Nf4 30. Qb7 1-0